000 00765nam a2200289Ia 4500
005 20260324112641.0
008 008 260324s9999 xx 000 0 eng d
020 _a9781032622088
037 _aEBOOK
040 _aCRL
040 _beng
040 _cCRL
041 _2eng
041 _aeng
084 _qCRL
100 _aH.M.K.K.M.B. Herath; A.G.B.P. Jayasekara; B.G.D.A. Madhusanka
_91143581
245 0 _aVision Attentive Technology
245 0 _bAI Approaches for Functional Mobility Assessments in Elderly Healthcare
260 _bTaylor and Francis
260 _c2024
365 _a
365 _b290
856 _uhttp://www.taylorfrancis.com/books/9781032622088
942 _cEBOOK
999 _c1732869
_d1732869